书目信息 |
| 题名: |
拳脚工夫
|
|
| 作者: | 苏耘 编著 | |
| 分册: | ||
| 出版信息: | 北京 北京体育大学出版社 1998 |
|
| 页数: | 427页 | |
| 开本: | 19cm | |
| 丛书名: | 青少年武术入门丛书 | |
| 单 册: | ||
| 中图分类: | G852.4 | |
| 科图分类: | ||
| 主题词: | 散打(武术)--拳术--中国 , 散打(武术)--腿击法(武术)--中国 | |
| 电子资源: | ||
| ISBN: | 7-81051-220-X | |
| 000 | 00672nam2 2200229 45 | |
| 001 | 0401291432 | |
| 005 | 20040129144747.5 | |
| 010 | @a7-81051-220-X@dCNY19.90 | |
| 100 | @a20040129d1998 km y0chiy0120 ea | |
| 101 | 0 | @achi |
| 105 | @aa z 000yy | |
| 200 | 1 | @a拳脚工夫@AQuan Jiao Gong Fu@f苏耘编著@FSu Yun Bian Zhu |
| 210 | @a北京@c北京体育大学出版社@d1998 | |
| 215 | @a427页@c图@d19cm | |
| 225 | @a青少年武术入门丛书 | |
| 410 | @12001 @a青少年武术入门丛书 | |
| 606 | 0 | @a散打(武术)@x拳术@y中国 |
| 606 | 0 | @a散打(武术)@x腿击法(武术)@y中国 |
| 690 | @aG852.4@v4 | |
| 701 | 0 | @a苏耘@4编著 |
| 801 | @aCN@bTSTCL@c20040129 | |
| 905 | @b332982-986@dG852.4@e106@f5 | |
| 拳脚工夫/苏耘编著.-北京:北京体育大学出版社,1998 |
| 427页:图;19cm.-(青少年武术入门丛书) |
| ISBN 7-81051-220-X:CNY19.90 |
| ● |
| 相关链接 |
|
|
|
|
正题名:拳脚工夫
索取号:G852.4/106
 
预约/预借
| 序号 | 登录号 | 条形码 | 馆藏地/架位号 | 状态 | 备注 |
| 1 | 0332982 | 203329825 | 第四借阅区/ [索取号:G852.4/106] | 在馆 | |
| 2 | 0332983 | 203329834 | 第四借阅区/ [索取号:G852.4/106] | 在馆 | |
| 3 | 0332984 | 203329843 | 第四借阅区/ [索取号:G852.4/106] | 在馆 | |
| 4 | 0332985 | 203329852 | 第四借阅区/ [索取号:G852.4/106] | 在馆 | |
| 5 | 0332986 | 203329861 | 第一样本阅览室/ [索取号:G852.4/106] | 在馆 |